Java generics and collections (Record no. 179954)

MARC details
000 -LEADER
fixed length control field 00386nam a2200145Ia 4500
005 - DATE AND TIME OF LATEST TRANSACTION
control field 20250313161728.0
008 - FIXED-LENGTH DATA ELEMENTS--GENERAL INFORMATION
fixed length control field 231217s9999 xx 000 0 und d
020 ## - INTERNATIONAL STANDARD BOOK NUMBER
International Standard Book Number 9788184042160
082 ## - DEWEY DECIMAL CLASSIFICATION NUMBER
Classification number 001.6424JAV NAF;1 R
100 ## - MAIN ENTRY--PERSONAL NAME
Personal name Naftalin, Maurice Wadler, Philip
245 #0 - TITLE STATEMENT
Title Java generics and collections
260 ## - PUBLICATION, DISTRIBUTION, ETC. (IMPRINT)
Date of publication, distribution, etc. 2007
Name of publisher, distributor, etc. Shroff
Place of publication, distribution, etc. Mumbai
300 ## - PHYSICAL DESCRIPTION
Extent xvii+273+13
942 ## - ADDED ENTRY ELEMENTS (KOHA)
Koha item type Books
Holdings
Date last seen Total Checkouts Full call number Accession number Old discount Cost, replacement price Price effective from Category Lost status Damaged status Department Withdrawn status bill no. bill date Permanent Location Current Location Shelving location Entry date Vendor Cost, normal purchase price Grants Currency symbol Conversion rate Discount Discount type
26/01/2024   001.6424JAV NAF;1 R 47540 25 243.75 26/01/2024 Books     CS   23628 13/01/2009 Central Library Central Library CS 17/12/2007 Book Paradise 325.00 CS/PG RS 1 81.25 Rupees

© For any Suggestions or Query, please contact the library staff @ librarian@pes.edu or Phone: +9180 2672 1983/ 2108.